gminy powiatu mińskiego - Statystyki

Ogólne statystyki
  • Ten quiz został rozwiązany 301 razy
  • Średni wynik to 10 z 13
Odpowiedzi na mapie
Odpowiedzi zakodowano w zielono-czerwonej skali na mapie do tego quizu, zgodnie z poniższymi procentami.
 
Statystyki odpowiedzi
Gmina Odpowiedź % Poprawnych
miejska Mińsk Mazowiecki
96%
wiejska Mińsk Mazowiecki
96%
miejska Sulejówek
83%
miejsko-wiejska Halinów
81%
wiejska Dębe Wielkie
77%
miejsko-wiejska Mrozy
77%
miejsko-wiejska Kałuszyn
72%
miejsko-wiejska Cegłów
69%
wiejska Stanisławów
65%
wiejska Dobre
63%
wiejska Siennica
61%
wiejska Latowicz
60%
wiejska Jakubów
54%
Nie znaleziono quizów pasujących do podanych kryteriów
Rozkład punktacji
Procent ludzi z każdym wynikiem
Percentyl według liczby udzielonych odpowiedzi
Twoja historia wyników
Nie rozwiązałeś tego quizu